[Event "Girona-ch Seniors"]
[Site "Girona"]
[Date "2015.??.??"]
[Round "1.4"]
[White "Estevez Montilla, Francesco"]
[Black "Estelle Estrada, Joan"]
[Result "1-0"]
[WhiteElo "1980"]
[BlackElo "1700"]
[PlyCount "31"]
[EventDate "2015.02.10"]
[EventType "tourn"]
[EventRounds "6"]
[EventCountry "ESP"]
[SourceTitle "EXT 2024"]
[Source "ChessBase"]
[SourceDate "2023.10.10"]
[SourceVersion "1"]
[SourceVersionDate "2023.10.10"]
[SourceQuality "1"]

1. e4 e5 2. Nf3 Nc6 3. d4 exd4 4. Nxd4 Nge7 5. Nc3 Nxd4 6. Qxd4 Nc6 7. Qd5 Nb4 8. Qb3 d6 9. Qxb4 d5 10. Qd4 Qe7 11. Nxd5 Qd8 12. Qe5+ Be6 13. Nxc7+ Kd7 14. Bb5+ Ke7 15. Bg5+ f6 16. Qxe6# 1-0

[Event "Girona Territorial-ch"]
[Site "Girona"]
[Date "2014.11.23"]
[Round "8"]
[White "Estevez Montilla, Francesco"]
[Black "Mogro Flores, Simon"]
[Result "0-1"]
[WhiteElo "1973"]
[BlackElo "2159"]
[PlyCount "60"]
[EventDate "2014.10.05"]
[EventType "swiss"]
[EventRounds "9"]
[EventCountry "CAT"]
[SourceTitle "CBM 163 Extra"]
[Source "ChessBase"]
[SourceDate "2014.12.23"]
[SourceVersion "1"]
[SourceVersionDate "2014.12.23"]
[SourceQuality "1"]

1. e4 e6 2. d4 b6 3. Nc3 Bb4 4. Bd3 Ba6 5. Bxa6 Nxa6 6. Qd3 Nb8 7. Nge2 Ne7 8. 0-0 0-0 9. a3 Bxc3 10. Nxc3 f5 11. Bg5 h6 12. Bxe7 Qxe7 13. exf5 Rxf5 14. Rae1 Qf7 15. Qc4 d5 16. Qd3 Nc6 17. Nd1 Rf8 18. b4 e5 19. Qc3 Nxd4 20. Qg3 Nf3+ 21. gxf3 Rg5 22. Rxe5 Rxg3+ 23. fxg3 d4 24. Kg2 Qa2 25. Rf2 Qxa3 26. b5 Rd8 27. Rfe2 d3 28. cxd3 Rxd3 29. Re8+ Kf7 30. R2e7+ Qxe7 0-1

[Event "Joan Gelpi Memorial 19th"]
[Site "Calella"]
[Date "2004.10.02"]
[Round "3"]
[White "Carraminana Puig, Jordi"]
[Black "Estevez Montilla, Francesco"]
[Result "1/2-1/2"]
[WhiteElo "1905"]
[BlackElo "2075"]
[PlyCount "93"]
[EventDate "2004.09.19"]
[EventType "swiss"]
[EventRounds "9"]
[EventCountry "ESP"]
[SourceTitle "CBM 103 Extra"]
[Source "ChessBase"]
[SourceDate "2005.01.01"]
[SourceVersion "1"]
[SourceVersionDate "2005.01.01"]
[SourceQuality "1"]

1. Nf3 Nf6 2. c4 e6 3. d4 Bb4+ 4. Bd2 Qe7 5. a3 Bxd2+ 6. Nbxd2 d5 7. c5 b6 8. b4 a5 9. e3 0-0 10. Be2 Bb7 11. Ne5 Nfd7 12. Ndf3 f6 13. Nxd7 Nxd7 14. 0-0 axb4 15. axb4 e5 16. Qc2 bxc5 17. bxc5 Bc6 18. Rfb1 Rfe8 19. h3 Reb8 20. Rxb8+ Nxb8 21. Rxa8 Bxa8 22. Qa4 Bc6 23. Qa7 Qd8 24. dxe5 Nd7 25. e6 Nf8 26. Nd4 Be8 27. Qb7 g6 28. Bf3 Qe7 29. Bxd5 Kg7 30. Nc6 Bxc6 31. Qxc6 f5 32. g4 fxg4 33. hxg4 Kf6 34. f4 h6 35. e4 g5 36. e5+ Kg7 37. f5 Nh7 38. Qd7 Kf8 39. f6 Qxc5+ 40. Kf1 Qc1+ 41. Ke2 Qc2+ 42. Ke3 Qc3+ 43. Kf2 Qd2+ 44. Kg3 Qf4+ 45. Kh3 Qe3+ 46. Kg2 Qe2+ 47. Kg3 1/2-1/2